000 00801nam a22002537a 4500
003 0
005 20180728174034.0
008 0
010 _aA-945443
020 _c00.00
_a8173912866
035 _aA-945443, A-945444
037 _bCen Lib/Ret
040 _aDPL
_bEN
_c0
082 _a332.178
_bPAN
100 _aPanigrahy, Dibakar
_98693
245 _aMarketing of plastic money :
_cby Dibakar Panigrahy
_ba new avenue of selling money /
260 _aNew Delhi
_bKanishka Publishers
_c1999
270 _a45697/5-21A, Ansari Road, Darya Ganj
_bNew Delhi
_e110002
300 _avi,128p.
_c22cm(Hb)
500 _aIncludes bibliographical references and index
650 _aCredit cards--Marketing
_98694
650 _acommerce-marketing
_98695
942 _2ddc
_cEN
_h332.178
_mPAN
999 _c123954
_d123954